| 000 | 01571nam0a22003371 4500 | ||
|---|---|---|---|
| 001 | v19\rc\1285062 | ||
| 005 | 20260405221257.0 | ||
| 035 | _a(NLR Aleph) 005200558 | ||
| 090 |
_a5305456 _c5305456 |
||
| 100 | _a20060306e18441844|||y0rusy50 ca | ||
| 101 | 0 | _arus | |
| 102 | _aRU | ||
| 105 | _ay z ||||| | ||
| 200 | 1 |
_aОстров Колгуев _e(Из дневника, веденного во время путешествия по Белому морю и Ледовитому океану в 1841 г.) _f[Ал. Савельев] |
|
| 210 |
_a[Санкт-Петербург _d1844] |
||
| 215 |
_a8 с. _d22 |
||
| 300 | _aАвт. указан в конце текста | ||
| 309 | _aБез тит. л. и обл. | ||
| 311 | _aИз Спб. вед. 1844, № 8 и 9 | ||
| 488 | 0 |
_12001#$aСанкт-Петербургские ведомости$v1844, № 8 и 9 _tСанкт-Петербургские ведомости |
|
| 607 |
_aКолгуев, остров (Баренцево море) _xИсторико-этнографические исследования _92618454 _3RU\NLR\AUTH\661555014 |
||
| 686 | _aТ3(2Р-4Арх)5,02 | ||
| 686 | _aТ52(2Р31-4Арх) | ||
| 700 | 1 |
_8rus _7ca _aСавельев _bА. С. _cфизик, географ _f1820-1860 _gАлександр Степанович _3RU\NLR\AUTH\7799612 _982538 |
|
| 801 | 0 |
_aRU _bNLR _c20060306 _gpsbo |
|
| 801 | 0 |
_aRU _bRuMoRGB _c20060306 _2psbo |
|
| 801 | 1 |
_aRU _bProSoft-M _c20060306 _2rusmarc |
|
| 801 | 2 |
_aRU _bNLR _c20110523 _2rusmarc |
|
| 852 |
_aNLR _j18.111.8.357 |
||
| 942 | _cBOOK | ||
| 980 | _aNB | ||